000 00336nam a22001337a 4500
003 macl
005 20190428160808.0
008 190428b xxu||||| |||| 00| 0 eng d
040 _cmacl
100 _aसुदर्शन
_974629
245 _aसुप्रभात
650 _aकहानियॉं
_974630
942 _2ddc
_cHIN
999 _c59592
_d59592